000 00278nam a22001337a 4500
008 170921b xxu||||| |||| 00| 0 eng d
020 _a9780312401153
041 _aeng
080 _25TH
_a78
100 _a45
101 _aMUZ
245 _aLISTEN
_cKERMAN,J
942 _2udc
_cBK
999 _c28823
_d28823